banner-ar

A WORLD TRANSFORMED / (Record no. 4822)

MARC details
000 -الفاتح
حقل البيانات ثابتة الطول 00574nam a2200205Ia 4500
008 - عناصر البيانات ثابتة الطول - معلومات عامة
حقل البيانات ثابتة الطول 140319s9999 xx 000 0 eng d
020 ## - الرقم الدولى المعيارى للكتب
الرقم الدولى المعيارى للكتاب 0679432485
040 ## - مصدر الفهرسة
وكالة الفهرسة الأصلية GCL /
وكالة النسخ GCL
082 04 - رقم تصنيف ديوى العشرى
رقم التصنيف 327.73009049
رقم المادة B W
100 1# - المدخل الرئيسى - إسم شخصى
الإسم الشخصى BUSH, GEORGE
245 10 - بيان العنوان
العنوان A WORLD TRANSFORMED /
بيان المسئوليه,etc BUSH, GEORGE
700 1# - المدخل الاضافى - اسم شخصى
الإسم الشخصى SCOWCRAFT, BRENT
260 ## - PUBLICATION, DISTRIBUTION, ETC. (IMPRINT)
تاريخ النشر أو التوزيع 1998
300 ## - الوصف المادى
التعداد 22 CM ؛
أبعاد الوعاء X1V, 590 P
650 04 - المدخل الاضافى بالموضوع-مصطلح موضوعى
مصطلح موضوعي BUSH, GEORGE
650 04 - المدخل الاضافى بالموضوع-مصطلح موضوعى
مصطلح موضوعي UNITED STATES - FOREIGN RELAITONS - 1989 - 1993
650 04 - المدخل الاضافى بالموضوع-مصطلح موضوعى
مصطلح موضوعي SCOWCRAFT, BRENT
942 ## - عناصر المدخل الإضافي( كوها)
مصدر التصنيف او مخطط الترفيف Dewey Decimal Classification
Koha [default] item type كتاب
260 ## - PUBLICATION, DISTRIBUTION, ETC. (IMPRINT)
-- نيويورك :
-- ALFRED A KNOPF ،
Holdings
حالة التراجع حالة الفقد حالة تلف ليس للاعارة المكان المؤقت الموقع الحالى تاريخ الاكتساب اجمالي اﻻعارات رقم الطلب الباركود تاريخ اخر مشاهدة تاريخ تفعيل السعر نوع وعاء كوها
        مكتبة القاهرة الكبرى مكتبة القاهرة الكبرى 03/26/2014   327.73009049\B W 10804 03/26/2014 03/26/2014 كتاب
        مكتبة القاهرة الكبرى مكتبة القاهرة الكبرى 03/26/2014   327.73009049\B W 10805 03/26/2014 03/26/2014 كتاب

Powered By

EGPV